000 00879nam a2200325 a 4500
003 AR-BaBNM
005 20251128203737.0
008 082120s2002 ||||||||||||||000 | spa||
040 _cAR-BaBNM
100 1 _aGóngora, Luis de
245 0 0 _aPoesías completas
_bsonetos, poemas, poesías sueltas. 2
250 _a1ª ed.
260 _aBuenos Aires
_bSopena
_c1949
300 _a191 p.
490 0 _aBiblioteca Mundial Sopena
500 _aTexto íntegro de acuerdo con el original
500 _aEdición anotada
650 4 _aLITERATURA ESPAÑOLA
650 4 _aRENACIMIENTO
650 4 _aRECURSOS LITERARIOS
650 4 _aCULTERANISMO
650 4 _aANALISIS LITERARIO
653 _aBARROCO
653 _aMANIERISMO
653 _aSONETO
655 _aLITERATURA
700 1 _aAlcala Zamora y Torres, Niceto
_eprologuista
942 _cBK
998 _cisola
999 _c4750
_d4750